Znasz te kolory? - Statystyki

Ogólne statystyki
  • Ten quiz został rozwiązany 121 razy
  • Średni wynik to 11 z 30
Statystyki odpowiedzi
Litera Kolor % Poprawnych
Ż żółty
83%
C czerwony
79%
B biały
75%
B beżowy
63%
P pomarańczowy
63%
B błękitny
59%
B bordowy
51%
I indygo
43%
L limonkowy
41%
C cyjan
38%
C cytrynowy
38%
M miętowy
37%
O oliwkowy
36%
E ecru
32%
A amarantowy
28%
K khaki
27%
Ł łososiowy
27%
K karmazynowy
26%
S seledynowy
26%
B burgund
25%
F fuksja
25%
J jagodowy
24%
W wrzosowy
23%
P pistacjowy
21%
A ametystowy
17%
M malinowy
14%
C chabrowy
12%
A akwamaryna
10%
K kawowy
7%
M mleczny
5%
Nie znaleziono quizów pasujących do podanych kryteriów
Rozkład punktacji
Procent ludzi z każdym wynikiem
Percentyl według liczby udzielonych odpowiedzi
Twoja historia wyników
Nie rozwiązałeś tego quizu